Quantitative techniques in landscape planning
Αποθηκεύτηκε σε:
| Άλλοι συγγραφείς: | , |
|---|---|
| Μορφή: | Βιβλίο |
| Γλώσσα: | English |
| Δημοσίευση: |
Boca Raton :
CRC Lewis Publishers,
c1995
|
| Θέματα: | |
| Ετικέτες: |
Προσθήκη ετικέτας
Δεν υπάρχουν, Καταχωρήστε ετικέτα πρώτοι!
|
MARC
| LEADER | 00000nam a2200000 i 4500 | ||
|---|---|---|---|
| 001 | 1/16300 | ||
| 008 | 980731s1995 eng d | ||
| 020 | |a 1-56670-157-0 | ||
| 035 | |l 10020146 | ||
| 040 | |a GR-MY-UA |b gre |e aacr | ||
| 041 | 0 | |a eng | |
| 082 | 0 | |a 333.73 | |
| 245 | 1 | 0 | |a Quantitative techniques in landscape planning / |c edited by Eugenio Martinez-Falero & Santiago Gonzalez-Alonso |
| 260 | |a Boca Raton : |b CRC Lewis Publishers, |c c1995 | ||
| 300 | |a 274 p. |b fig. | ||
| 504 | |a Includes bibliographical references and index | ||
| 650 | 0 | 0 | |a Land use |x Planning |x Mathematical models. |
| 650 | 0 | 0 | |a Landscape architecture. |
| 700 | 0 | |a Martinez-Falero, Eugenio. |4 edt | |
| 700 | 1 | |a Gonzalez Alonso, Santiago. |4 edt | |
| 852 | |a INST |b LESVOS |e 19980731 |h 333.73 QUA |p 005100013290 |q 005100013290 |t BK |y 0 | ||
| 901 | |a BIBL-1998-3 | ||
| 909 | |a Λ |b 058561 | ||
| 922 | |a 1ΕΛΗ |b 199807 |c ΚΠΣ/ΤΠ |d ΠΑΠΑΣΩΤΗΡΙΟΥ | ||
| 950 | |a 107-1998-05-19 | ||